| 000 | 00608nam a22002177a 4500 | ||
|---|---|---|---|
| 003 | OSt | ||
| 005 | 20170131133413.0 | ||
| 008 | 170131b xxu||||| |||| 00| 0 eng d | ||
| 020 | _a9781444117981 | ||
| 040 | _cDMLN | ||
| 082 | _aWS113 B832c 2010 | ||
| 100 |
_aBruce, Tina; Meggitt, Carolyn; Grenier, Julian _911473 |
||
| 245 | _aChild care & Education | ||
| 250 | _a5th ed. | ||
| 260 | _aLondon; Hodder Education, 2010 | ||
| 300 | _avi,572p; col.ill: 27.5cm | ||
| 504 | _aAppendices, & index included | ||
| 650 |
_aChild edcucation care _911474 |
||
| 650 |
_apaeditrics _911475 |
||
| 942 |
_2z _cO_SHELF |
||
| 999 |
_c5499 _d5499 |
||